00362 a2200133 4500003000400000005001700004008004100021020001800062040000900080082002100089245007000110260003900180300000900219OSt20231216154526.0231216b |||||||| |||| 00| 0 eng d a9789350728376 coclc a891.43009bKOV/H aHINDI DALIT SAHITYA EK MOOLYANKAN /cedited by Dr. Pramod Kovprat aNew Delhi:bVani Prakashan,c2016. a200p